[Event "FIDE Grand Swiss 2019"]
[Site "Douglas"]
[Date "21.10.2019"]
[Round "11.71"]
[White "Batsiashvili, Nino"]
[Black "Bulmaga, Irina"]
[Result "1-0"]
[WhiteTitle "GM"]
[BlackTitle "IM"]
[WhiteElo "2422"]
[BlackElo "2442"]
[WhiteFideId "13602993"]
[BlackFideId "13903063"]
[EventDate "2019.10.10"]

1. d4 Nf6 2. Bf4 e6 3. e3 b6 4. Qf3 d5 5. Nc3 Bb7 6. Bd3 Bb4 7. Ne2 c5 8. a3
Bxc3+ 9. Nxc3 a6 10. g4 Nc6 11. g5 Nd7 12. O-O-O c4 13. Bf1 O-O 14. h4 b5 15. h5
f5 16. gxf6 Nxf6 17. Bh3 Qe7 18. Rhg1 Rf7 19. Rg3 Raf8 20. Rdg1 Ne8 21. Qg4 Nd8
22. Be5 Nf6 23. Qg5 Ne8 24. Ne2 Nc6 25. Nf4 Bc8 26. Bxg7 Rxg7 27. Qxe7 Nxe7 28.
Rxg7+ Nxg7 29. h6 Rf7 30. Bxe6 Bxe6 31. Nxe6 Ng6 32. Nxg7 Rxf2 33. Rg5 Re2 34.
Rxd5 Rxe3 35. Rd6 Kf7 36. Rxa6 Nf4 37. Nf5 Re1+ 38. Kd2 Re2+ 39. Kd1 Rh2 40.
Nd6+ Ke6 41. Nxb5+ Kd5 42. Ra8 Rxh6 43. Rd8+ Ke4 44. Nd6+ Kf3 45. Nxc4 Rh1+ 46.
Kd2 Ke4 47. b4 Rh2+ 48. Kc3 Ne2+ 49. Kb2 Nxd4 50. Re8+ Kf4 51. Kc3 Nb5+ 52. Kd3
Rh3+ 53. Ne3 Nxa3 54. c4 Rh2 55. b5 Rb2 56. b6 Rb3+ 57. Kd4 h5 58. Nd5+ Kg4 59.
Rg8+ Kf3 60. Rh8 Kg4 61. c5 Rb2 62. c6 Rd2+ 63. Kc5 Rc2+ 64. Kb4 Nc4 65. b7 Ne5
66. Ne3+ 1-0

[Event "FIDE Grand Swiss 2019"]
[Site "Douglas"]
[Date "21.10.2019"]
[Round "11.72"]
[White "Jansa, Vlastimil"]
[Black "Zatonskih, Anna"]
[Result "1-0"]
[WhiteTitle "GM"]
[BlackTitle "IM"]
[WhiteElo "2452"]
[BlackElo "2422"]
[WhiteFideId "300128"]
[BlackFideId "14101572"]
[EventDate "2019.10.10"]

1. e4 e5 2. Nf3 Nf6 3. Nxe5 d6 4. Nf3 Nxe4 5. Bd3 Nf6 6. h3 Be7 7. O-O O-O 8. c3
Re8 9. Bc2 b6 10. d4 Bb7 11. Re1 Nbd7 12. Bf4 Bf8 13. Rxe8 Qxe8 14. Nbd2 Qe7 15.
Bb3 Re8 16. Qf1 h6 17. Re1 Qd8 18. Rxe8 Qxe8 19. c4 g6 20. Ba4 Bg7 21. b4 Qa8
22. a3 a5 23. Qd1 axb4 24. axb4 Nf8 25. d5 N8d7 26. Qc2 Qd8 27. Bb5 Qa8 28. Ba4
Qd8 29. Nb3 Qe7 30. Bb5 Ne5 31. Nfd4 Bc8 32. Qd2 Bd7 33. Qe2 Bxb5 34. Nxb5 Nh5
35. Bd2 Qd8 36. f4 Nd7 37. N3d4 Nb8 38. g4 Nf6 39. Bc3 Qd7 40. Qf3 Qe7 41. Kg2
Ne8 42. Bd2 Bf6 43. Qe3 Qxe3 44. Bxe3 Bxd4 45. Nxd4 Kf8 46. Kf3 Ke7 47. Bf2 f6
48. Ke4 Ng7 49. h4 Nd7 50. Nc6+ Kf7 51. Kd3 Ke8 52. Nd4 Nf8 53. Ke4 h5 54. g5
f5+ 55. Kd3 Nd7 56. Nc6 Nf8 57. Bd4 Kf7 58. Nd8+ Kg8 59. Kc3 Nd7 60. Bxg7 Kxg7
61. Ne6+ Kf7 62. Nxc7 Ke7 63. Nb5 Nb8 64. Kb3 Kd7 65. Nd4 Kc8 66. Ka4 Kb7 67.
Nb5 1-0

[Event "FIDE Grand Swiss 2019"]
[Site "Douglas"]
[Date "21.10.2019"]
[Round "11.75"]
[White "Kolbus, Dietmar"]
[Black "Nebolsina, Vera"]
[Result "1/2-1/2"]
[WhiteTitle "IM"]
[BlackTitle "WGM"]
[WhiteElo "2300"]
[BlackElo "2252"]
[WhiteFideId "4610628"]
[BlackFideId "4163591"]
[EventDate "2019.10.10"]

1. c4 Nf6 2. Nc3 g6 3. e4 d6 4. d4 Bg7 5. f3 O-O 6. Be3 Nbd7 7. Qd2 a6 8. Nge2
b5 9. cxb5 axb5 10. Nxb5 c6 11. Nbc3 e5 12. Rd1 d5 13. exd5 Nxd5 14. Nxd5 cxd5
15. dxe5 Nxe5 16. Nc3 Re8 17. Kf2 Qh4+ 18. g3 Qf6 19. Bf4 Nxf3 20. Nxd5 Nxd2 21.
Nxf6+ Bxf6 22. Rxd2 Rxa2 23. Bb5 Bd4+ 24. Rxd4 Rxb2+ 25. Rd2 Rxb5 26. Re1 Be6
27. Re5 Rxe5 28. Bxe5 f6 29. Bd4 Ra8 30. Rb2 Ra2 31. Rxa2 Bxa2 32. Bxf6 1/2-1/2

[Event "FIDE Grand Swiss 2019"]
[Site "Douglas"]
[Date "21.10.2019"]
[Round "11.76"]
[White "Solomon, Kenny"]
[Black "Wu, Li"]
[Result "0-1"]
[WhiteTitle "GM"]
[WhiteElo "2382"]
[BlackElo "2332"]
[WhiteFideId "14300192"]
[BlackFideId "411086"]
[EventDate "2019.10.10"]

1. d4 Nf6 2. g3 e6 3. c4 c5 4. d5 exd5 5. cxd5 d6 6. Nc3 g6 7. Bg2 Bg7 8. Nf3
O-O 9. O-O Re8 10. h3 a6 11. a4 Nbd7 12. Bf4 Qc7 13. a5 b5 14. axb6 Nxb6 15. Re1
Ne4 16. Rc1 Bf5 17. g4 Nxc3 18. bxc3 Be4 19. Ng5 Bxg2 20. Kxg2 h6 21. Nf3 Re4
22. Bg3 Rae8 23. Nd2 R4e7 24. c4 a5 25. Nb1 Re4 26. Nd2 R4e7 27. Rc2 a4 28. Nb1
Be5 29. Bxe5 Rxe5 30. Qd3 h5 31. Nd2 Qd8 32. e4 hxg4 33. hxg4 Qh4 34. Qg3 Qxg3+
35. Kxg3 f5 36. f3 Nd7 37. g5 Rb8 38. Ra1 Rb4 39. Kf4 Nb6 40. Rac1 Kg7 41. Rc3
Re8 42. Kg3 Rb2 43. R1c2 Rb4 44. Ra2 Re7 45. Rac2 Re8 46. Ra3 Re7 47. Ra1 Ra7
48. exf5 gxf5 49. Ra3 Re7 50. Kf2 f4 51. Rac3 Ra7 52. Ke2 Kg6 53. Ra2 Re7+ 54.
Kf2 Kxg5 55. Ne4+ Rxe4 56. fxe4 Nxc4 57. Rh3 a3 58. Rh8 Rb2+ 59. Rxb2 axb2 60.
Rb8 Kf6 61. Ke2 f3+ 62. Kd3 f2 0-1